UBT Library

Religious fundamentalisms and global conflict / (Record no. 168)

000 -LEADER
fixed length control field 00926nam a2200253 a 4500
005 - DATE AND TIME OF LATEST TRANSACTION
control field 20131028070054.0
008 - FIXED-LENGTH DATA ELEMENTS--GENERAL INFORMATION
fixed length control field 940323s1994 nyua b 000 0 eng d
020 ## - INTERNATIONAL STANDARD BOOK NUMBER
International Standard Book Number 0871241579
041 0# - LANGUAGE CODE
Language code of text/sound track or separate title eng
080 ## - UNIVERSAL DECIMAL CLASSIFICATION NUMBER
Universal Decimal Classification number 327
Common auxiliary subdivision (081)
100 1# - Rafti
Rafti Appleby, R. Scott,
100 1# - Rafti
-- 1956-
245 10 - TITLE STATEMENT
Title Religious fundamentalisms and global conflict /
Statement of responsibility, etc by R. Scott Appleby.
260 ## -
-- Ithaca, N.Y. :
-- Foreign Policy Association,
-- 1994.
300 ## -
-- 79 p. :
-- ill. ;
-- 20 cm.
440 #0 -
-- Headline series,
-- 0017-8780 ;
-- no. 301
500 ## -
-- Foreword : f. 3-6
500 ## -
-- Cover title.
504 ## - BIBLIOGRAPHY, ETC. NOTE
Bibliography, etc Includes bibliographical references (p. 77-78).
505 0# -
-- The surprising resurgence of religion -- The rise and social dynamics of fundamentalism -- The impact of fundamentalisms -- Interpretations of fundamentalism.
650 #0 -
-- Fundtamentalizmi
650 #0 -
-- Feja dhe politika
650 #0 -
-- Konflikte kulturore
942 ## - ADDED ENTRY ELEMENTS (KOHA)
Source of classification or shelving scheme
Item type Books
Holdings
Withdrawn status Lost status Source of classification or shelving scheme Damaged status Not for loan Collection code Permanent location Current location Shelving location Date acquired Total Checkouts Full call number Barcode Date last seen Price effective from Koha item type
          Koleksioni i përgjithshem UBT - Prishtine UBT - Prishtine Koleksioni i përgjithshem 10/28/2013   327 (081) APP 001-000184 10/28/2013 10/28/2013 Books
UBT Library © 2015-2024. All rights reserved University Education for Business and Technology